Нормален изглед
MARC изглед
- Русев, Тончо Русев
Вход 01. Лично име
001 - Контролен номер на записа
- Контролно поле: 117583
003 - Код на организацията, даваща контролен номер
- Контролно поле: BLK
005 - Дата и час на последна промяна на записа
- Контролно поле: 20250308161129.0
008 - Данни с фиксирана дължина – обща информация
- Данни с фиксирана дължина : 180403n| acnz|abbn | aba d
100 1# - ИМЕ НА ЛИЦЕ -ПЪРВИЧНА ИНТЕЛЕКТУАЛНА ОТГОВОРНОСТ
- Лично име: Русев, Тончо Русев
- Дати, свързани с автора: 1932 - 2018
- Друга информация: Композитор
942 ## - Системна служебна употреба
- Koha auth type: PERSO_NAME